• 首页
  • 本馆介绍
  • 公告通知
  • 最新文献
  • 馆藏检索
  • 电子资源
  • 读者导购
  • 参考咨询
  • 我的图书馆
  • 登录
  • 详细信息显示
  • 放入我的书架
  • 预约/预借图书
  • 作者相关作品
  • 分类相关作品
  • 丛书相关作品
  • 出版社相关作品

书目信息

  • 表格格式
  • 工作单格式
  • 卡片格式
题名:
碱性法则
    
 
作者: 多明尼克, 著 ;郑志娟 译
分册:  
出版信息: 北京   北京时代华文书局  2017.03
页数: 191页
开本: 23cm
丛书名:
单 册:
中图分类: R331.5
科图分类:
主题词: 体液--ti ye--酸碱平衡--关系--体质学
电子资源:
ISBN: 978-7-5699-1358-3
000 01377nam0 2200289 450
001 CAL 0120172160868
005 20171211153144.37
010    @a978-7-5699-1358-3@b@dCNY42.00
100    @a20170329d2017 em y0chiy50 ea
101 1  @achi@cger
102    @aCN@b110000
105    @aa z 000yy
106    @ar
200 1  @a碱性法则@Ajian xing fa ze@e1921年发源于奥地利的14天减龄方案@d= The alkaline cure the 14 day diet and anti-ageing plan@f(奥) 史蒂芬·多明尼克著@g郑志娟译@zeng
210    @a北京@c北京时代华文书局@d2017.03
215    @a191页@c彩图@d23cm
314    @a史蒂芬·多明尼克, 医学博士, 奥地利迈尔康体中心医学总监, 曾接受过综合内科、急诊内科、正分子医学、应用运动机能学、生物钟学等领域的严格训练, 并获得多项执业证书。
330    @a本书共分为什么是碱性饮食疗法 ; 为什么你需要碱性饮食疗法 ; 碱性饮食疗法的原则 ; 准备工作 ; 14天碱性饮食计划 ; 食谱六章, 其主要内容包括: 什么是碱性饮食疗法 ; 碱性饮食疗法背后的pH科学等。
510 1  @aAlkaline cure@ethe 14 day diet and anti-ageing plan@zeng
517 1  @a1921年发源于奥地利的14天减龄方案@A1921 nian fa yuan yu ao di li de 14 tian jian ling fang an
606 0  @a体液@Ati ye@x酸碱平衡@x关系@x体质学
690    @aR331.5@v5
701  1 @a多明尼克,@Aduo ming ni ke@b史蒂芬@4著
702  0 @a郑志娟@Azheng zhi juan@4译
801  0 @aCN@b人天书店@c20170329@g
905    @aBZT@dR331.5@e1
906    @dCNY42.00@n3@r1
    
    碱性法则:1921年发源于奥地利的14天减龄方案= The alkaline cure the 14 day diet and anti-ageing plan/(奥) 史蒂芬·多明尼克著/郑志娟译.-北京:北京时代华文书局,2017.03
    191页:彩图;23cm
    
    
    ISBN 978-7-5699-1358-3:CNY42.00
    本书共分为什么是碱性饮食疗法 ; 为什么你需要碱性饮食疗法 ; 碱性饮食疗法的原则 ; 准备工作 ; 14天碱性饮食计划 ; 食谱六章, 其主要内容包括: 什么是碱性饮食疗法 ; 碱性饮食疗法背后的pH科学等。
●
相关链接 在五车中查询图书 在当当中查询图书 在豆瓣中查询图书


正题名:碱性法则     索取号:R331.5/1         预约/预借

序号 登录号 条形码 馆藏地/架位号 状态 备注
1 834280   2000834280   第二书库/ [索取号:R331.5/1] 在馆    
2 834281   2000834281   第二书库/ [索取号:R331.5/1] 在馆    
3 834282   2000834282   第二书库/ [索取号:R331.5/1] 在馆    
山东省滨州职业学院图书馆 欢迎您!
大连网信软件有限公司© 版权所有